Statistics for European Geography By Letter - N

Click here to take the quiz!

General Stats

  • This quiz has been taken 47,596 times
    (17,435 since last reset)
  • The average score is 14 of 20

Answer Stats

ClueAnswer% Correct
Country known for fjordsNorway
99%
Country incorrectly known as HollandNetherlands
97%
Scottish lake with a famous monsterLoch Ness
96%
Paris's most famous cathedralNotre Dame de Paris
95%
City where pizza is said to have originatedNaples
94%
One of the four "countries" of the United KingdomNorthern Ireland
93%
Sweden, Norway, Finland, Denmark, and IcelandThe {Nordic} Countries
89%
The above, in ItalianNapoli
87%
French region and D-Day landing siteNormandy
87%
"Pleasant" city on the French RivieraNice
85%
City near Sherwood ForestNottingham
80%
City that hosted Nazi rallies and, later, war tribunalsNuremberg
78%
People from here are known as "Geordies"{Newcastle} upon Tyne
67%
Small German town that gave its name to many other things
including, indirectly, the capital of Bahamas
Nassau
64%
City in Lorraine, France that is also a women's name in EnglishNancy
55%
England's northernmost countyNorthumberland
44%
Gentrified London district that hosts an annual carnivalNotting Hill
43%
Region of northern Spain, once an independent kingdomNavarre
31%
Most populous city on the Volga river, formerly known as GorkyNizhny Novgorod
27%
Second or third largest city in Serbia (name either)Novi Sad / Niš
25%

Score Distribution

Percentile by Number Answered

Percent of People with Each Score

Your Score History

You have not taken this quiz since the last reset